000
00257nam a2200097Ia 4500
001
1176406
005
20250827012709.0
008
250824s9999 xx 000 0 und d
245
0
_a
BÜLBÜL KORUSUNUN GİZEMİ
_c
LUCY STRANGE
260
_b
HEP KİTAP YAYINLARI
999
_c
1176406
_d
1176406